| 000 | 00958nam a22002417a 4500 | ||
|---|---|---|---|
| 001 | 2800 | ||
| 003 | FISKH | ||
| 005 | 20240115155715.0 | ||
| 008 | 240115b cb ||||| |||| 00| 0 eng d | ||
| 040 |
_aFISKH _beng _cFISKH _dFISKH |
||
| 050 | _aPZ7 | ||
| 082 | _a823.914 | ||
| 100 | _aDale, Penny | ||
| 245 |
_aPrincess, fairy / _cBy Penny Dale |
||
| 260 |
_aLondon : _bWalker Books, _c2009. |
||
| 300 |
_a28 unnumbered pages : _bcolor illustrations ; _c27 cm |
||
| 505 | _aG | ||
| 520 | _aA princess in a magic garden is playing with her golden ball, when her ball falls in the water and sinks deep, deep down, out of sight. How the will the princess get it back? A frog will offer to fetch it, of course, in exchange for kiss. And when the princess keeps her promise - the frog turns into a fairy. | ||
| 521 | 8 |
_a370
_bLexile estimate |
|
| 521 | 8 |
_aG
_bRaz-Plus |
|
| 650 |
_aPrincess stories _vJuvenile literature |
||
| 942 |
_2ddc _cBK _n0 |
||
| 999 |
_c2800 _d2800 |
||